Constituciones pastorales de las iglesias del oriente venezolano 1604-1752

Uloženo v:
Podrobná bibliografie
Hlavní autor: Huerga Teruelo, Álvaro (Autor)
Médium: Kniha
Jazyk:španělština
Vydáno: Madrid Pontificia Universidad Católica de Puerto Rico 1998
Témata:
Tagy: Přidat tag
Žádné tagy, Buďte první, kdo vytvoří štítek k tomuto záznamu!

MARC

LEADER 00000nam a2200000 a 4500
001 UCI1711
003 CL-VaPUC
008 070713e19980000SP |||||||||||||||||spa|d
082 0 4 |a 987.03  |b HUE  |2 21 
100 |a Huerga Teruelo, Álvaro  |e author  |9 522433 
245 1 0 |a Constituciones pastorales de las iglesias del oriente venezolano 1604-1752 
300 |a 331 p 
942 |c BK 
945 |d 20070713 00:00:00  |a jtorresc 
260 |a Madrid  |b Pontificia Universidad Católica de Puerto Rico  |c 1998 
650 0 |a Iglesia Católica  |9 256114 
650 0 |a Órdenes religiosas  |9 257499 
650 0 |a Historia de la iglesia   |9 257565 
650 7 |a CONSTITUCIONES RELIGIOSAS  |2 CL-VaPUC  |9 518021 
650 0 |a Espiritualidad   |9 267331 
650 0 |a Teología   |9 258766 
651 0 |a Venezuela  |9 254993 
583 |a last modification  |c 20070713 00:00:00  |k Rodrigo Vera 
999 |c 326468  |d 326466 
952 |0 0  |1 0  |4 0  |6 987_030000000000000_HUE_1998  |7 0  |8 A  |9 408367  |a BIBTEO  |b BIBTEO  |d 2019-11-22  |i 4175999  |o 987.03 HUE 1998  |p 4175999  |r 2025-01-17  |w 2019-11-22  |y BK  |k ICR